ՀՀ Գիտությունների ազգային ակադեմիայի հիմնարար գիտական գրադարան  =   Fundamental Scientific Library of NAS RA

Ֆաուսթ : (Record no. 540186)

MARC details
000 -LEADER
fixed length control field 01192nam a2200205 a 4500
003 - CONTROL NUMBER IDENTIFIER
control field AM-YEHGA
005 - DATE AND TIME OF LATEST TRANSACTION
control field 20260402094247.0
008 - FIXED-LENGTH DATA ELEMENTS--GENERAL INFORMATION
fixed length control field 260202s1909 tu ||||r|||| 00| 1darm d
040 ## - CATALOGING SOURCE
Original cataloging agency AM-YEHGA
041 ## - LANGUAGE CODE
Language code of text/sound track or separate title arm
100 1# - MAIN ENTRY--PERSONAL NAME
Personal name Գյոթե, Յոհան Վոլֆգանգ,
Dates associated with a name 1749-1832
245 10 - TITLE STATEMENT
Title Ֆաուսթ :
Remainder of title Թատրերգութիւն /
Statement of responsibility, etc. Կէօթէ ; Թարգմ.՝ Մ. Նուպարեան.
260 ## - PUBLICATION, DISTRIBUTION, ETC.
Place of publication, distribution, etc. Զմիւռնիա :
Name of publisher, distributor, etc. տպ. Քէշիշեան,
Date of publication, distribution, etc. 1909.
300 ## - PHYSICAL DESCRIPTION
Extent (3 գիրք մեկ կազմի մեջ) ; 182 էջ ;
Dimensions 17 սմ.
500 ## - GENERAL NOTE
General note Ալիգ 2
501 ## - WITH NOTE
With note Մեկ կազմի մեջ՝ Օպէրլէները կամ Ալզասցի ընտանիք մը: Թատերախաղ 5 արարուած: Ռընէ Պազէնի վէպէն քաղուած / Է. Արօքուր։ Կ. Պոլիս: տպ. Նշան-Պապիկեան։ 1910։ - Ալիգ 1 ; Տունէն Ներս / Միսաք Ա․ Մ․ Գօչունեան[Քասիմ]։ Կ․ Պօլիս։ տպ․ Զ․ Պէրպէրեան։ 1907։ - Ալիգ 3
650 14 - SUBJECT ADDED ENTRY--TOPICAL TERM
Topical term or geographic name entry element Գերմանական գրականություն
General subdivision Թատերգություն
700 1# - ADDED ENTRY--PERSONAL NAME
Personal name Նուպարեան, Մեսրոպ
Relator term թարգմ.
Relationship trl
9 (RLIN) 5606
942 ## - ADDED ENTRY ELEMENTS (KOHA)
Source of classification or shelving scheme Universal Decimal Classification
Koha item type Գրքեր / Books
Suppress in OPAC No
Holdings
Withdrawn status Lost status Source of classification or shelving scheme Damaged status Not for loan Collection Home library Current library Date acquired Serial enumeration / chronology Inventory number Total checkouts Full call number Barcode Date last seen Price effective from Koha item type Public note
    Universal Decimal Classification     Postanjyan Individual Collection Fundamental Scientific Library Fundamental Scientific Library 02/02/2026 Ալիգ 2 Պոսթ/106   Պոսթ/105 FL0702941 02/02/2026 02/02/2026 Գրքեր / Books ILL Non Circ.


ՀՀ ԳԱԱ հիմնարար գիտական գրադարան
ՀՀ,Երևան 0019
Մարշալ Բաղրամյան 24/6
հեռախոս:(374-10) 52-47-50
Հետադարձ կապ

All site content, except where otherwise noted, is licensed under a
Creative Commons License